| 000 | 00773cam a22002777a 4500 | ||
|---|---|---|---|
| 001 | 40427 | ||
| 005 | 20230410132910.0 | ||
| 008 | 911010s1994 sp ach 001 0bspa | ||
| 041 | _aspa | ||
| 015 | _aGB91-2342 | ||
| 020 | _a8420627712 | ||
| 050 | 1 | 4 |
_aB QC 16 _bF219C 1994 |
| 082 | 0 | 0 |
_a530.092 _220 |
| 049 | _aGRAL | ||
| 100 | 1 |
_aCantor, G. N., _d1943- |
|
| 245 | 1 | 0 |
_aFaraday / _cGeoffrey Cantor, David Gooding and Frank A.J.L. James. |
| 260 |
_aMadrid : _bAlianza Editorial, _c1994. |
||
| 300 | _axiii, 143 p. | ||
| 600 | 1 | 4 |
_aFaraday, Michael, _d1791-1867. |
| 650 | 0 |
_aPhysicists _zGreat Britain _vBiography. |
|
| 653 | _aPhysics | ||
| 700 | 1 |
_aGooding, David, _d1947- |
|
| 700 | 1 |
_aJames, Frank A. J. L., _d1955- |
|
| 942 |
_2lcc _cbk |
||
| 994 |
_aC0 _bDRFGD |
||
| 999 |
_c89805 _d89805 |
||